000
00306nam a22001097a 4500
008
170718b xxu||||| |||| 00| 0 eng d
050
_a
UN/2013/133/MIS/17.
245
_a
United Nations in Ghana Voices from the Field. /
260
_a
Ghana:
_b
United Nations;
_c
2013.
300
_a
72,
_c
24cm.
942
_2
lcc
_c
BK
999
_c
6412
_d
13912